¡Comunica bien, jef@! : (Registro nro. 4776)

Detalles MARC
000 -LEADER
fixed length control field 01405nam a2200277Ia 4500
003 - CONTROL NUMBER IDENTIFIER
control field OSt
005 - DATE AND TIME OF LATEST TRANSACTION
control field 20201028223304.0
008 - FIXED-LENGTH DATA ELEMENTS--GENERAL INFORMATION
fixed length control field 191128s2015 sp ac gr 000 0dspa d
020 ## - INTERNATIONAL STANDARD BOOK NUMBER
International Standard Book Number 9788415986638
040 ## - CATALOGING SOURCE
Original cataloging agency CO-JMCR
Transcribing agency CO-JMCR
041 0# - LANGUAGE CODE
Language code of text/sound track or separate title spa
082 04 - DEWEY DECIMAL CLASSIFICATION NUMBER
Classification number 658.45 /
Item number Z852c
Edition number 23
100 1# - MAIN ENTRY--PERSONAL NAME
Personal name Zumeta Landaribar, Gorka,
Relator term autor
9 (RLIN) 12186
245 11 - TITLE STATEMENT
Title ¡Comunica bien, jef@! :
Remainder of title análisis de la comunicación en la empresa /
Statement of responsibility, etc. Gorka Zumeta
250 ## - EDITION STATEMENT
Edition statement Primera edición
260 ## - PUBLICATION, DISTRIBUTION, ETC.
Place of publication, distribution, etc. Madrid :
Name of publisher, distributor, etc. Esic Editorial,
Date of publication, distribution, etc. 2015
300 ## - PHYSICAL DESCRIPTION
Extent 191 páginas :
Other physical details retratos a blanco y negro ;
Dimensions 24 cm.
500 ## - GENERAL NOTE
General note Incluye datos biográficos del autor en solapa.
504 ## - BIBLIOGRAPHY, ETC. NOTE
Bibliography, etc. note Bibliografía: páginas [189]-191
505 0# - FORMATTED CONTENTS NOTE
Formatted contents note La base de la pirámide: los trabajadores -- La media base de la pirámide: los jefes intermedios -- La parte superior de la pirámide: el staff directivo -- La punta de la pirámide: el CEO -- El Dircom, adjunto al CEO
520 3# - SUMMARY, ETC.
Summary, etc. Decía Aristóteles que somos "seres racionales", y es cierto, pero el devenir de los tiempos nos ha hecho añadir a la reflexión del filósofo griego, otra condición humana: también somos seres emocionales. Y en ese microuniverso donde desarrollamos n
650 14 - SUBJECT ADDED ENTRY--TOPICAL TERM
Topical term or geographic name entry element Comunicación en dirección del personal
9 (RLIN) 12187
650 14 - SUBJECT ADDED ENTRY--TOPICAL TERM
Topical term or geographic name entry element Planificación estratégica
9 (RLIN) 262
650 24 - SUBJECT ADDED ENTRY--TOPICAL TERM
Topical term or geographic name entry element Comunicación en las organizaciones
9 (RLIN) 12188
942 ## - ADDED ENTRY ELEMENTS (KOHA)
Source of classification or shelving scheme Dewey Decimal Classification
Koha item type Books
Existencias
Withdrawn status Lost status Source of classification or shelving scheme Damaged status Not for loan Collection code Home library Current library Date acquired Source of acquisition Total Checkouts Full call number Barcode Date last seen Date last checked out Copy number Koha item type
    Dewey Decimal Classification     Non-fiction Biblioteca Pública José María del Castillo y Rada Biblioteca Pública José María del Castillo y Rada 04/15/2018 Donación 1 658.45 / Z852c 430000358 05/16/2024 08/02/2022 Ej.1 Books